Flow through open channels (Record no. 11092)

000 -LEADER
fixed length control field 00492nam a22001937a 4500
001 - CONTROL NUMBER
control field 11092
003 - CONTROL NUMBER IDENTIFIER
control field BD-DhUET
008 - FIXED-LENGTH DATA ELEMENTS--GENERAL INFORMATION
fixed length control field 150214b xxu||||| |||| 00| 0 eng d
040 ## - CATALOGING SOURCE
Original cataloging agency DLC
Transcribing agency DLC
Modifying agency BD-DhUET
082 ## - DEWEY DECIMAL CLASSIFICATION NUMBER
Classification number 627.01
Item number RAJ/1981
100 ## - MAIN ENTRY--PERSONAL NAME
Personal name Raju, K G Ranga
245 ## - TITLE STATEMENT
Title Flow through open channels
250 ## - EDITION STATEMENT
Edition statement Ist ed.
260 ## - PUBLICATION, DISTRIBUTION, ETC. (IMPRINT)
Place of publication, distribution, etc. New Delhi
Name of publisher, distributor, etc. Tata Mcgraw Hill
Date of publication, distribution, etc. 1981
300 ## - PHYSICAL DESCRIPTION
Extent x, 330p.
Other physical details illus.
504 ## - BIBLIOGRAPHY, ETC. NOTE
Bibliography, etc Includes bibliographies
650 #0 - SUBJECT ADDED ENTRY--TOPICAL TERM
Topical term or geographic name as entry element Open channel flow
942 ## - ADDED ENTRY ELEMENTS (KOHA)
Koha item type General Book
Holdings
Damaged status Koha date last borrowed Location (home branch) Sublocation or collection (holding branch) Koha item type Not for loan Koha issues (times borrowed) Koha full call number Koha normalized classification for sorting Source of classification or shelving scheme Shelving location Withdrawn status Koha date last seen Lost status Piece designation (barcode) Price effective from Date acquired Copy number
  Central Library, BUETCentral Library, BUETGeneral Book  627.01/RAJ/1981627_010000000000000_RAJ_1981 Circulation section 2017-05-27 576072015-02-142015-02-141
  Central Library, BUETCentral Library, BUETGeneral Book  627.01/RAJ/1981627_010000000000000_RAJ_1981 Circulation section 2015-02-23 567142015-02-232015-02-232
 2018-01-27Central Library, BUETCentral Library, BUETGeneral Book 1627.01/RAJ/1981627_010000000000000_RAJ_1981 Circulation section 2018-02-03 567152015-02-232015-02-233
 2018-07-17Central Library, BUETCentral Library, BUETGeneral Book 1627.01/RAJ/1981627_010000000000000_RAJ_1981 Circulation section 2025-04-22 776122015-02-232015-02-234